Quiz o Jaśle - Statystyki

Ogólne statystyki
  • Ten quiz został rozwiązany 163 razy
  • Średni wynik to 9 z 15
Statystyki odpowiedzi
Pytanie Odpowiedź % Poprawnych
Jakie tablice rejestracyjne obowiązują w Jaśle? RJS
86%
W Jaśle łączą się 3 duże rzeki. Jak się nazywają? Wisłoka
84%
Jak nazywa się drużyna piłkarska z Jasła? Czarni Jasło
83%
Jak nazywa się najbliższe do Jasła miasto na prawach powiatu? Krosno
77%
Jaki jest przymiotnik utworzony od słowa "Jasło"? Jasielski
75%
W jakim wieku Jasło otrzymało prawa miejskie? XIII lub XIV
70%
Jaki rodzaj słodyczy ma swoje muzeum w Jaśle? Lizak
69%
W Jaśle łączą się 3 duże rzeki. Jak się nazywają? Jasiołka
64%
W Jaśle łączą się 3 duże rzeki. Jak się nazywają? Ropa
64%
Jasło leży w powiecie Jasielskim, w którym leżą 2 miasta. Jakie jest drugie? Kołaczyce
61%
Firma produkująca meble, posiadająca fabryki w Jaśle NowyStyl
56%
Kto jest patronem miasta? Święty Antoni z Padwy
47%
Kto jest burmistrzem Jasła? Adam Kostrząb
42%
Dzielnica jakiej stolicy państwa jest miastem partnerskim Jasła? Praga
34%
W jakim regionie geograficznym leży Jasło? Doły {Jasielsko-Sanockie}
19%
Nie znaleziono quizów pasujących do podanych kryteriów
Rozkład punktacji
Procent ludzi z każdym wynikiem
Percentyl według liczby udzielonych odpowiedzi
Twoja historia wyników
Nie rozwiązałeś tego quizu